Sistemas y materiales de soldadura
Αποθηκεύτηκε σε:
| Συγγραφή απο Οργανισμό/Αρχή: | |
|---|---|
| Μορφή: | Βιβλίο |
| Γλώσσα: | Ισπανικά |
| Έκδοση: |
Maipú
INDURA
1990
|
| Σειρά: | INDURA, 22
|
| Θέματα: | |
| Ετικέτες: |
Προσθήκη ετικέτας
Δεν υπάρχουν, Καταχωρήστε ετικέτα πρώτοι!
|
MARC
| LEADER | 00000nam a2200000 a 4500 | ||
|---|---|---|---|
| 001 | UCK3772 | ||
| 003 | CL-VaPUC | ||
| 008 | 050506e19900000CL |||||||||||||||||spa|d | ||
| 082 | 0 | 4 | |a 671.52 |b IND |2 21 |
| 110 | 2 | |a INDURA |e author |9 492123 | |
| 245 | 1 | 0 | |a Sistemas y materiales de soldadura |
| 300 | |a 187 p | ||
| 942 | |c BK | ||
| 945 | |d 20050506 00:00:00 |a jcarroza | ||
| 260 | |a Maipú |b INDURA |c 1990 | ||
| 650 | 0 | |a Soldadura |9 262933 | |
| 650 | 0 | |a Catálogos |9 256258 | |
| 583 | |a last modification |c 20111003 07:35:01 |k Rodrigo Vera | ||
| 490 | 0 | |a INDURA, 22 | |
| 999 | |c 312866 |d 312864 | ||
| 952 | |0 0 |1 0 |4 0 |6 671_520000000000000_IND_1990 |7 0 |8 A |9 383709 |a BIBMEC |b BIBMEC |d 2019-11-22 |i 4114477 |l 1 |o 671.52 IND 1990 |p 4114477 |r 2024-01-19 |s 2022-05-12 |w 2019-11-22 |y BK |k MEC | ||